00999nmc a2200241 a 4500003000900000005001700009008004100026040001300067100002300080245004600103260008300149300001400232490002900246500026800275504002800543650002300571650003000594650002800624650002500652650002900677650001600706700003500722AR-BaBNM20251128203708.0011101s1970 ||||||||||||||000 | spa|| cAR-BaBNM1 aGnagey, William J.10aCómo controlar la indisciplina en clase aBuenos AiresbLibrería del ColegiobCentro Regional de Ayuda Técnicac19700 ap. irreg. 0aNueva pedagogíavv. 321 aEsta publicación ha sido preparada por la editorial y el Centro Regional de Ayuda Técnica, Agencia para el Desarrollo Internacional A.I.D., Departamento de Estado del Gobierno de los Estados Unidos de América. El Centro es una organización dedicada a prod aContiene bibliografía 4aDISCIPLINA ESCOLAR 4aCOMPORTAMIENTO DEL ALUMNO 4aRELACION ALUMNO-DOCENTE 4aAMBIENTE DE LA CLASE 4aPROBLEMAS DISCIPLINARIOS 4aAPRENDIZAJE1 aSchawrz, Rodolfo E.etraductor